000 00547nam a2200205 a 4500
001 156235
003 OSt
005 20210929142213.0
008 180703 ### HIN
020 _a9781509506187
082 _a302.231
_bS34A
100 _aSrinivasan, Ramesh
245 _aAfter the Internet
_cby Ramesh Srinivasan and Adam Fish
260 _aCambridge
_bPolity Press
_c2017
300 _aviii, 160p.
653 _aInternet--Social aspects
653 _aInternet--Economic aspects
700 _aFish, Adam
942 _2ddc
_cBK
999 _c18655
_d18655